| 000 | 00680nam a2200193 i 4500 | ||
|---|---|---|---|
| 001 | 32318 | ||
| 003 | ES-MaACL | ||
| 005 | 20250809063312.0 | ||
| 007 | t| | ||
| 008 | 030131q19301939sp ||||1| spa d | ||
| 100 | 1 |
_aBenito, José de, _d1901-1992 _927662 |
|
| 245 | 1 | 3 |
_aLa personalidad jurídica de las compañías y sociedades mercantiles / _cJosé L. de Benito. |
| 260 |
_aMadrid : _bEditorial Revista de Derecho Privado, _c193-?] ( _fGraf. España) |
||
| 300 |
_a189 p. ; _c20 cm. |
||
| 490 | 1 |
_aRevista de Derecho Privado. Serie D ; _v11 |
|
| 830 | 0 | 0 |
_aRevista de derecho privado _v11 _9232247 |
| 852 |
_aES-MaACL _jF-16349 _bR.21257 |
||
| 999 |
_c32318 _d32318 |
||